|
|
|
|
| LEADER |
00884cam a2200217 7i4500 |
| 001 |
0000013260 |
| 005 |
20010905090000.0 |
| 010 |
# |
# |
|a 96033371
|
| 020 |
# |
0 |
|a 0534346545 (acid-free paper)
|
| 090 |
0 |
0 |
|a HV 11
|b C532
|
| 100 |
1 |
# |
|a Chiaferi
|
| 245 |
1 |
0 |
|a Developing fieldwork skills :
|b a guide for human services, counseling, and social work students
|c Rosemary Chiaferi, Michael Griffin..
|
| 260 |
# |
# |
|a Pacific Grove:
|b Brooks/Cole Pub. Co.,
|c c1997..
|
| 300 |
# |
# |
|a xv, 127 p.;
|c 24 cm..
|
| 500 |
# |
# |
|a "A Clairemont book"--T.p. verso.
|
| 504 |
0 |
0 |
|a Includes bibliographical references and index.
|
| 650 |
0 |
0 |
|a Social service --
|x Field work. --
|z United States
|
| 650 |
0 |
0 |
|a Social workers --
|x In-service training --
|z United States.
|
| 650 |
0 |
0 |
|a Social work education --
|z United States.
|
| 700 |
1 |
1 |
|a Griffin,
|h Michael,(
|d 1953-)
|
| 999 |
|
|
|a 1000406192
|b Book
|c Open Shelf
|e KOLEKSI TERBUKA
|